000 00612nam a2200229Ia 4500
003 OSt
005 20220924150653.0
006 a|||||r|||| 00| 0
007 ta
008 220923b |||||||| |||| 00| 0 ara d
024 _a334134
037 _cTextual
040 _aARTS
_cARTS
_bara
041 _2ara
_aara
082 _aNR46w, 28K3
100 _aMunajjad Salahuddin Au.
_9222659
245 0 _aAl-mustazarf min akhbarul jawadi lal-sayuti
260 _c1963
650 _aMUSICIANS
_9222660
942 _hNR46w, 28K3
_cTEXL
_2CC
999 _c464125
_d464125